000 00568nam a2200205Ia 4500
008 210417s9999 xx 000 0 und d
020 _a9781292079578
020 _b1292079576
082 _a338.5 ACE
082 _b22.338.5 ACE
245 0 _aMicroeconomics
245 0 _cMicroeconomics
250 _aglobal ed.
250 _b483p. : ill. ; 28 cm. ; pbk.
260 _aUnited States
260 _bPearson Education
260 _c2016
700 _a"Acemoglu Daron , Laibson David, List John A. "
700 _b"Daron Acemoglu, David Laibson, John A list"
999 _c469323
_d469323